Micro países desde un mapa - Estadísticas

Estadísticas generales
  • Esta prueba ha sido intentada 125 veces
  • La puntuación promedio es 8 de 9
Estadísticas de respuestas
Imagen Respuesta % Correcto
Andorra
99%
Liechtenstein
98%
Malta
98%
C. del Vaticano
97%
San Marino
94%
Mónaco
93%
Brunei
86%
Luxemburgo
86%
Singapur
79%
No se encontraron pruebas coincidentes
Distribución de puntuación
Porcentaje de gente con cada puntuación
Porcentaje por número respondido
Historial de tus puntuaciones
No has intentado esta prueba.